00650nam a2200193Ia 4500008004100000020001800041082001400059100002100073245003600094250000800130260007000138300002900208500001900237600003300256650001100289942000700300952013200307999001700439240925s9999 xx 000 0 und d a9780070620049 a174.4 HAR aHartman, P Laura 0aPerspectives in Business Ethics a3rd aNew Delhi:bMcGraw Hill Education (India) Private Limitedc,2011. axxi, 702p.bNAfOriginal aIncludes Index aHumanities & Natural Science aEthics cBK 001040708HUMaUITUbUITUd2018-12-25eBismillah BookDepotg690.00l0o174.4 HARpQ12704r2024-09-25 07:16:35w2024-09-25yBK c15203d15203